Buai diayun anak dicubit : (Record no. 44036)

MARC details
000 -LEADER
fixed length control field 00772nam a2200265 i 4500
001 - CONTROL NUMBER
control field C2-0140167
003 - CONTROL NUMBER IDENTIFIER
control field PPAK
005 - DATE AND TIME OF LATEST TRANSACTION
control field 20180727125140.0
008 - FIXED-LENGTH DATA ELEMENTS--GENERAL INFORMATION
fixed length control field 980101s1987 my |||| ||||| | may d
040 ## - CATALOGING SOURCE
Original cataloging agency PPAK
Language of cataloging eng
Transcribing agency PPAK
Description conventions rda
082 04 - DEWEY DECIMAL CLASSIFICATION NUMBER
Classification number 324.9595115
Edition number 23
090 00 - LOCALLY ASSIGNED LC-TYPE CALL NUMBER (OCLC); LOCAL CALL NUMBER (RLIN)
Classification number (OCLC) (R) ; Classification number, CALL (RLIN) (NR) 324.9595115
Feature heading MAR
Feature heading KAA
Classification number (OCLC) (R) ; Classification number, CALL (RLIN) (NR) 324.9595115
Feature heading MAR
Feature heading KIH
Classification number (OCLC) (R) ; Classification number, CALL (RLIN) (NR) 324.9595115
Feature heading MAR
Feature heading KK
Classification number (OCLC) (R) ; Classification number, CALL (RLIN) (NR) 324.9595115
Feature heading MAR
Feature heading KSA
100 0# - MAIN ENTRY--PERSONAL NAME
Personal name Marwilis Haji Yusof,
Relator term author
245 10 - TITLE STATEMENT
Title Buai diayun anak dicubit :
Remainder of title kisah benar pilihanraya 1986
264 #1 - PRODUCTION, PUBLICATION, DISTRIBUTION, MANUFACTURE, AND COPYRIGHT NOTICE
Place of production, publication, distribution, manufacture Selangor :
Name of producer, publisher, distributor, manufacturer Marwilis ,
Date of production, publication, distribution, manufacture, or copyright notice 1987
300 ## - PHYSICAL DESCRIPTION
Extent 128 pages ;
Dimensions 17 cm
336 ## - CONTENT TYPE
Source rdacontent
Content type term text
337 ## - MEDIA TYPE
Source rdamedia
Media type term unmediated
338 ## - CARRIER TYPE
Source rdacarrier
Carrier type term volume
650 10 - SUBJECT ADDED ENTRY--TOPICAL TERM
Topical term or geographic name entry element Selangor congress - Election
942 ## - ADDED ENTRY ELEMENTS (KOHA)
-- dc
Koha item type Book
Holdings
Withdrawn Not for loan Current library Shelving location Date acquired Full call number Barcode Date last seen Koha item type
  Not For Loan Perpustakaan Alor Setar Koleksi S.N. Shahnon Ahmad 18/02/1999 KSA 324.9595115 MAR A00200931 08/05/2018 Book
  Not For Loan Perpustakaan Alor Setar Koleksi S.N. Shahnon Ahmad 07/03/1999 KSA 324.9595115 MAR A00201030 08/05/2018 Book
  Not For Loan Perpustakaan Alor Setar Koleksi Ismail Hussein 22/01/2008 KIH 324.9595115 MAR A00171628 08/05/2018 Book
  Not For Loan Perpustakaan Alor Setar Koleksi Kedah 15/08/1999 KK 324.9595115 MAR A00154281 08/05/2018 Book
  Not For Loan Perpustakaan Kulim Koleksi Azizi Abdullah 01/12/2004 KAA 324.9595115 MAR A00380321 08/05/2018 Book